Miasta w Niemczech czy we Francji? - klikanie - Statystyki

Ogólne statystyki
  • Ten quiz został rozwiązany 66 razy
  • Średni wynik to 15 z 16
Statystyki odpowiedzi
Hint Odpowiedź % Poprawnych
Nicea Francja
98%
Tuluza Francja
98%
Rennes Francja
98%
Bordeaux Francja
98%
Nantes Francja
98%
Limoges Francja
97%
Lipsk Niemcy
97%
Drezno Niemcy
97%
Gelsenkirchen Niemcy
97%
Strasburg Francja
95%
Duisburg Niemcy
95%
Bochum Niemcy
95%
Saarbrücken Niemcy
93%
Akwizgran Niemcy
90%
Metz Francja
82%
Konstancja Niemcy
61%
Nie znaleziono quizów pasujących do podanych kryteriów
Rozkład punktacji
Procent ludzi z każdym wynikiem
Percentyl według liczby udzielonych odpowiedzi
Twoja historia wyników
Nie rozwiązałeś tego quizu